[Event "Cornella de Llobregat op 8th"]
[Site "Cornella de Llobregat"]
[Date "2022.11.21"]
[Round "8"]
[White "Exposito Amaro, Josue"]
[Black "Escandell Mari, Juan Carlos"]
[Result "1/2-1/2"]
[WhiteElo "2233"]
[BlackElo "2161"]
[PlyCount "115"]
[EventDate "2022.09.26"]
[EventType "swiss"]
[EventRounds "9"]
[EventCountry "ESP"]
[SourceTitle "EXT 2024"]
[Source "ChessBase"]
[SourceDate "2023.10.10"]
[SourceVersion "1"]
[SourceVersionDate "2023.10.10"]
[SourceQuality "1"]

1. e4 e5 2. Nf3 Nc6 3. c3 d5 4. Qa4 Bd7 5. exd5 Nd4 6. Qd1 Nxf3+ 7. Qxf3 Nf6 8. Be2 Bd6 9. c4 0-0 10. d3 h6 11. Nc3 c6 12. h3 cxd5 13. 0-0 dxc4 14. dxc4 Bc6 15. Nd5 Bxd5 16. cxd5 e4 17. Qb3 Qe7 18. Rd1 Rfd8 19. Be3 Qe5 20. g3 h5 21. h4 Qf5 22. Rd2 Ng4 23. Bxg4 Qxg4 24. Bd4 f5 25. Qe3 f4 26. Qxe4 Re8 27. Qg2 f3 28. Qh2 Re4 29. Bc3 Rae8 30. Rd3 Re2 31. Rf1 Qf5 32. Rdd1 R8e4 33. Rde1 Rxe1 34. Bxe1 Qxd5 35. Qh3 Rg4 36. Bc3 Bc5 37. Re1 Qd3 38. Re5 Qd1+ 39. Be1 Bd4 40. Re7 Kf8 41. Qf1 Rxg3+ 42. Kh1 Rg2 43. Re4 Qa4 44. Qd3 Rg4 45. Qxf3+ Kg8 46. Rxg4 hxg4 47. Qd5+ Kh7 48. Qxb7 Bxb2 49. Qd5 Bf6 50. Kg1 Qd4 51. Qh5+ Kg8 52. Qe8+ Kh7 53. h5 Qd1 54. Qg6+ Kg8 55. Kf1 Qf3 56. Bd2 Qh1+ 57. Ke2 Qf3+ 58. Kf1 1/2-1/2

[Event "Barcelona Segura Memorial 2nd"]
[Site "Barcelona"]
[Date "2022.11.02"]
[Round "5"]
[White "Exposito Amaro, Josue"]
[Black "Villar Reymundo, Juan Antonio"]
[Result "1-0"]
[WhiteElo "2233"]
[BlackElo "2096"]
[PlyCount "79"]
[EventDate "2022.09.28"]
[EventType "swiss"]
[EventRounds "9"]
[EventCountry "ESP"]
[SourceTitle "EXT 2024"]
[Source "ChessBase"]
[SourceDate "2023.10.10"]
[SourceVersion "1"]
[SourceVersionDate "2023.10.10"]
[SourceQuality "1"]

1. e4 Nf6 2. Nc3 d5 3. exd5 Nxd5 4. Bc4 Nb6 5. Bb3 c5 6. Qh5 c4 7. Bxc4 Nxc4 8. Qb5+ Nc6 9. Qxc4 e5 10. Nf3 Be7 11. 0-0 0-0 12. a3 Bf5 13. d3 Nd4 14. Nxd4 exd4 15. Nd5 Rc8 16. Qxd4 Bd6 17. Bd2 Re8 18. Rfe1 Re6 19. Rxe6 fxe6 20. Bc3 Qf8 21. Ne3 Bg6 22. Bb4 Rd8 23. Bxd6 Rxd6 24. Qxa7 Qc8 25. Nc4 Rc6 26. h3 Bf7 27. a4 Ra6 28. Qd4 b5 29. Nb6 Qc7 30. a5 h6 31. Qc3 Qa7 32. b4 Kh7 33. Re1 Qe7 34. Re5 Ra7 35. Nc8 Rc7 36. Nxe7 Rxc3 37. Rc5 Ra3 38. Rxb5 Ra1+ 39. Kh2 Rc1 40. a6 1-0

[Event "Barcelona Segura Memorial 2nd"]
[Site "Barcelona"]
[Date "2022.09.28"]
[Round "1"]
[White "Exposito Amaro, Josue"]
[Black "Colome Rovira, Oscar"]
[Result "1-0"]
[WhiteElo "2233"]
[BlackElo "1817"]
[PlyCount "51"]
[EventDate "2022.09.28"]
[EventType "swiss"]
[EventRounds "9"]
[EventCountry "ESP"]
[SourceTitle "EXT 2024"]
[Source "ChessBase"]
[SourceDate "2023.10.10"]
[SourceVersion "1"]
[SourceVersionDate "2023.10.10"]
[SourceQuality "1"]

1. e4 c5 2. Nc3 Nc6 3. f4 d6 4. Nf3 g6 5. Bb5 Bg7 6. 0-0 e6 7. Bxc6+ bxc6 8. e5 d5 9. d3 Ne7 10. b3 Qa5 11. Na4 0-0 12. Ba3 Nf5 13. Bxc5 Re8 14. g4 Ne7 15. Nd4 Bd7 16. Qe1 Qa6 17. Qh4 Bf8 18. Rf3 Qa5 19. Bd6 c5 20. Nxc5 Qc3 21. Nxd7 Qxd4+ 22. Kg2 Bg7 23. Nf6+ Bxf6 24. exf6 Nf5 25. gxf5 Qxa1 26. Qh6 1-0

[Event "Barcelona Tres Peons IM"]
[Site "Barcelona"]
[Date "2021.09.20"]
[Round "1"]
[White "Exposito Amaro, Josue"]
[Black "Valenzuela Gomez, Fernando Alberto"]
[Result "0-1"]
[WhiteElo "2283"]
[BlackElo "2358"]
[PlyCount "60"]
[EventDate "2021.09.20"]
[EventType "tourn"]
[EventRounds "9"]
[EventCountry "ESP"]
[EventCategory "2"]
[SourceTitle "EXT 2023"]
[Source "ChessBase"]
[SourceDate "2022.10.05"]
[SourceVersion "1"]
[SourceVersionDate "2022.10.05"]
[SourceQuality "1"]

1. e4 e6 2. d4 d5 3. exd5 exd5 4. Bd3 c5 5. Qe2+ Be7 6. dxc5 Nf6 7. Nf3 0-0 8. Bg5 h6 9. Bh4 Bxc5 10. 0-0 Nc6 11. h3 g5 12. Bg3 Re8 13. Qd2 Ne4 14. Bxe4 dxe4 15. Qxd8 Rxd8 16. Ne5 Nd4 17. Nc3 f5 18. Na4 Ne2+ 19. Kh1 Nxg3+ 20. fxg3 Bd4 21. Rad1 Be6 22. Ng6 Kf7 23. c3 Bf6 24. Nc5 Rxd1 25. Rxd1 Rg8 26. Rd6 Rxg6 27. Nxe6 Ke7 28. Rd7+ Kxd7 29. Nf8+ Ke8 30. Nxg6 Kf7 0-1

[Event "Barcelona IM 19th"]
[Site "Barcelona"]
[Date "2021.08.03"]
[Round "7"]
[White "Ayats Llobera, Gerard"]
[Black "Exposito Amaro, Josue"]
[Result "1/2-1/2"]
[WhiteElo "2417"]
[BlackElo "2268"]
[PlyCount "36"]
[EventDate "2021.07.28"]
[EventType "tourn"]
[EventRounds "9"]
[EventCountry "ESP"]
[EventCategory "1"]
[SourceTitle "CBM 203 Extra"]
[Source "ChessBase"]
[SourceDate "2021.09.30"]
[SourceVersion "1"]
[SourceVersionDate "2021.09.30"]
[SourceQuality "1"]

1. d4 d5 2. Nf3 Nc6 3. Bf4 Bg4 4. e3 e6 5. h3 Bh5 6. c4 Bb4+ 7. Nc3 Nge7 8. Qd2 Bxf3 9. gxf3 Ng6 10. Bg3 Nh4 11. Bxh4 Qxh4 12. f4 0-0 13. a3 Bxc3 14. Qxc3 a5 15. Rh2 Ne7 16. c5 Rfb8 17. b4 axb4 18. axb4 Nf5 1/2-1/2

[Event "Barcelona IM 19th"]
[Site "Barcelona"]
[Date "2021.07.30"]
[Round "3"]
[White "Exposito Amaro, Josue"]
[Black "Villar Reymundo, Juan Antonio"]
[Result "1/2-1/2"]
[WhiteElo "2268"]
[BlackElo "2131"]
[PlyCount "276"]
[EventDate "2021.07.28"]
[EventType "tourn"]
[EventRounds "9"]
[EventCountry "ESP"]
[EventCategory "1"]
[SourceTitle "CBM 203 Extra"]
[Source "ChessBase"]
[SourceDate "2021.09.30"]
[SourceVersion "1"]
[SourceVersionDate "2021.09.30"]
[SourceQuality "1"]

1. e4 g6 2. Nc3 Bg7 3. d4 c6 4. Nf3 d5 5. h3 dxe4 6. Nxe4 Nf6 7. Bd3 Nxe4 8. Bxe4 Bf5 9. Bxf5 Qa5+ 10. c3 Qxf5 11. 0-0 0-0 12. Bg5 Re8 13. Re1 e6 14. Qb3 Qb5 15. Qxb5 cxb5 16. d5 e5 17. a4 bxa4 18. Rxa4 Nd7 19. Be3 a6 20. Rc4 Rec8 21. Nd2 f5 22. f4 e4 23. g4 Bf8 24. gxf5 gxf5 25. Kf2 Kf7 26. Rg1 h6 27. Bd4 Nc5 28. b4 Nd3+ 29. Ke3 Bd6 30. Rg7+ Kf8 31. Rxc8+ Rxc8 32. Nxe4 fxe4 33. Kxe4 Nxf4 34. Rd7 Bb8 35. Bc5+ Kg8 36. d6 Nxh3 37. Rxb7 Ng5+ 38. Kf5 Bxd6 39. Bxd6 Rxc3 40. Kg6 Rc8 41. Rg7+ Kh8 42. Rd7 Kg8 43. Rg7+ Kh8 44. Ra7 Kg8 45. Be5 Ne6 46. Rxa6 Nf8+ 47. Kf5 Kf7 48. Rf6+ Ke8 49. Bd6 Nd7 50. Rxh6 Rc1 51. Ke6 Re1+ 52. Kd5 Kd8 53. Rh8+ Re8 54. Rh3 Re2 55. Kc6 Rc2+ 56. Kb7 Nf6 57. Rd3 Ke8 58. Bc7 Kf7 59. Be5 Ne4 60. Rd4 Re2 61. Bc7 Ke6 62. Kc8 Nc3 63. Rd6+ Ke7 64. Rc6 Nb5 65. Bd8+ Ke8 66. Rc5 Nd4 67. Bb6 Ne6 68. Rc6 Re5 69. Bc7 Re1 70. Rc4 Rb1 71. Bd6 Kf7 72. Kd7 Ng7 73. Rf4+ Kg6 74. Rg4+ Kf7 75. Rg5 Ne8 76. Rf5+ Nf6+ 77. Kc6 Rc1+ 78. Bc5 Ke6 79. Rf4 Nd7 80. Rd4 Ne5+ 81. Kc7 Rc2 82. Rd6+ Kf5 83. Rh6 Nd3 84. Kd6 Rb2 85. Rh5+ Kg4 86. Rd5 Nxb4 87. Rd4+ Kf3 88. Bxb4 Ke3 89. Kd5 Rb3 90. Bd2+ Kf3 91. Kc4 Rb7 92. Kd3 Rb3+ 93. Bc3 Ra3 94. Rd6 Kf4 95. Rf6+ Kg5 96. Rf1 Kg4 97. Kd4 Ra4+ 98. Ke5 Rc4 99. Bd4 Rc2 100. Ke4 Re2+ 101. Be3 Ra2 102. Rg1+ Kh5 103. Rg5+ Kh4 104. Kf3 Ra6 105. Rf5 Ra3 106. Rf6 Ra5 107. Rh6+ Rh5 108. Rg6 Rb5 109. Rg1 Kh5 110. Bd2 Rf5+ 111. Ke4 Rc5 112. Be3 Ra5 113. Bf4 Rb5 114. Be5 Rb3 115. Kf5 Kh4 116. Rg2 Ra3 117. Rg8 Kh3 118. Bd6 Rc3 119. Be5 Ra3 120. Ke4 Ra4+ 121. Bd4 Rb4 122. Ke3 Kh4 123. Bc5 Rc4 124. Be7+ Kh5 125. Kf3 Rc7 126. Bd6 Rf7+ 127. Bf4 Rf5 128. Ke4 Ra5 129. Be5 Rb5 130. Kf4 Ra5 131. Kf5 Ra6 132. Rg1 Ra4 133. Rh1+ Rh4 134. Rb1 Ra4 135. Rb7 Ra6 136. Bc3 Rc6 137. Bd2 Rc5+ 138. Kf4 Rc4+ 1/2-1/2

[Event "Barcelona IM 19th"]
[Site "Barcelona"]
[Date "2021.07.29"]
[Round "2"]
[White "Beltran Rueda, Santiago"]
[Black "Exposito Amaro, Josue"]
[Result "1/2-1/2"]
[WhiteElo "2312"]
[BlackElo "2268"]
[PlyCount "43"]
[EventDate "2021.07.28"]
[EventType "tourn"]
[EventRounds "9"]
[EventCountry "ESP"]
[EventCategory "1"]
[SourceTitle "CBM 203 Extra"]
[Source "ChessBase"]
[SourceDate "2021.09.30"]
[SourceVersion "1"]
[SourceVersionDate "2021.09.30"]
[SourceQuality "1"]

1. Nf3 Nf6 2. c4 c5 3. Nc3 Nc6 4. g3 g6 5. Bg2 Bg7 6. 0-0 0-0 7. d4 cxd4 8. Nxd4 Qa5 9. Nb3 Qh5 10. e4 d6 11. Nd5 Qxd1 12. Rxd1 Nxd5 13. cxd5 Ne5 14. Nd4 Bg4 15. f3 Bd7 16. Bg5 Rfe8 17. Rac1 h6 18. Be3 Rec8 19. Bf1 a6 20. h3 Rxc1 21. Rxc1 Rc8 22. Rxc8+ 1/2-1/2

[Event "Sitges Sunway 7th"]
[Site "Sitges"]
[Date "2020.12.20"]
[Round "7"]
[White "Svoboda, Vaclav1111"]
[Black "Exposito Amaro, Josue"]
[Result "1/2-1/2"]
[WhiteElo "2407"]
[BlackElo "2273"]
[PlyCount "83"]
[EventDate "2020.12.13"]
[EventType "swiss"]
[EventRounds "10"]
[EventCountry "ESP"]
[SourceTitle "CBM 199 Extra"]
[Source "ChessBase"]
[SourceDate "2021.01.31"]
[SourceVersion "1"]
[SourceVersionDate "2021.01.31"]
[SourceQuality "1"]

1. d4 f5 2. g3 e6 3. Bg2 Nf6 4. Nf3 Be7 5. c4 d6 6. Nc3 0-0 7. 0-0 Ne4 8. Qc2 Nxc3 9. Qxc3 a5 10. Re1 Nc6 11. e4 e5 12. exf5 exd4 13. Nxd4 Nxd4 14. Qxd4 Bxf5 15. Bf4 Kh8 16. Rad1 Bf6 17. Qd2 Qc8 18. Bg5 Bg4 19. Rc1 Qf5 20. Bxf6 Qxf6 21. Rc3 Rab8 22. h3 Be6 23. Rf3 Qg6 24. Rxf8+ Rxf8 25. Qe2 Bd7 26. Qd2 Qf6 27. Re3 b6 28. Qe2 Qd8 29. Be4 h6 30. Qh5 Be8 31. Qg4 Qd7 32. Qh4 Bf7 33. Rf3 Re8 34. Qf4 Bg8 35. h4 Qa4 36. Bg6 Re1+ 37. Kg2 Qd1 38. Rd3 Rg1+ 39. Kh2 Rh1+ 40. Kg2 Rg1+ 41. Kh2 Rh1+ 42. Kg2 1/2-1/2

[Event "Budapest FS11 IM"]
[Site "Budapest"]
[Date "2020.11.17"]
[Round "9"]
[White "Exposito Amaro, Josue"]
[Black "Lyell, Mark"]
[Result "1-0"]
[WhiteElo "2334"]
[BlackElo "2261"]
[PlyCount "91"]
[EventDate "2020.11.07"]
[EventType "tourn"]
[EventRounds "9"]
[EventCountry "HUN"]
[SourceTitle "CBM 199 Extra"]
[Source "ChessBase"]
[SourceDate "2021.01.31"]
[SourceVersion "1"]
[SourceVersionDate "2021.01.31"]
[SourceQuality "1"]

1. e4 e6 2. d4 d5 3. Nc3 Nf6 4. e5 Nfd7 5. Nf3 c5 6. Bg5 Qb6 7. dxc5 Bxc5 8. Qd2 Nc6 9. 0-0-0 Qa5 10. Kb1 Rb8 11. a3 0-0 12. Bf6 gxf6 13. exf6 Kh8 14. Qh6 Rg8 15. Bd3 Nf8 16. Ng5 Rxg5 17. Qxg5 Ng6 18. Bxg6 fxg6 19. Qh6 Qc7 20. b4 b6 21. bxc5 bxc5+ 22. Kc1 Ba6 23. Rhe1 Nd4 24. Nxd5 Qb7 25. Qg7+ Qxg7 26. fxg7+ Kxg7 27. Nc7 Bc4 28. Rxd4 cxd4 29. Nxe6+ Kf6 30. Nxd4 Rb6 31. Re3 Bd5 32. g3 a5 33. f4 a4 34. Re5 Rd6 35. Nb5 Rd7 36. Nc3 Bf3 37. Ne4+ Kg7 38. Ng5 Bg4 39. h3 Rd1+ 40. Kb2 h6 41. hxg4 hxg5 42. Rxg5 Kh6 43. Ra5 Rg1 44. Rxa4 Rxg3 45. Ra6 Kg7 46. g5 1-0

[Event "Budapest FS11 IM"]
[Site "Budapest"]
[Date "2020.11.11"]
[Round "5"]
[White "Exposito Amaro, Josue"]
[Black "Geher, Koppany"]
[Result "1/2-1/2"]
[WhiteElo "2334"]
[BlackElo "2319"]
[PlyCount "105"]
[EventDate "2020.11.07"]
[EventType "tourn"]
[EventRounds "9"]
[EventCountry "HUN"]
[SourceTitle "CBM 199 Extra"]
[Source "ChessBase"]
[SourceDate "2021.01.31"]
[SourceVersion "1"]
[SourceVersionDate "2021.01.31"]
[SourceQuality "1"]

1. e4 c5 2. Nf3 e6 3. b3 a6 4. Bb2 d5 5. exd5 exd5 6. Qe2+ Qe7 7. Nc3 Nf6 8. d4 Nc6 9. 0-0-0 cxd4 10. Nxd4 Nxd4 11. Rxd4 Qxe2 12. Bxe2 Be6 13. Bf3 Bc5 14. Rd2 0-0-0 15. Rhd1 Ba7 16. Nxd5 Nxd5 17. Bxd5 Rxd5 18. Rxd5 Bxd5 19. Rxd5 Bxf2 20. Bxg7 Rg8 21. Bd4 Bxd4 22. Rxd4 Rxg2 23. h4 f5 24. Rf4 Rg4 25. Rxf5 Rxh4 26. Rf7 h6 27. Rh7 Kb8 28. a4 Ka7 29. a5 Rh5 30. b4 Rh4 31. c3 Rh2 32. Rh8 Rh1+ 33. Kc2 Rh2+ 34. Kd3 Rh3+ 35. Kd4 Rh4+ 36. Kd5 Rh5+ 37. Kc4 Rh4+ 38. Kb3 Rh3 39. Kc2 Rh2+ 40. Kd3 Rh3+ 41. Kd4 Rh4+ 42. Kd5 Rh5+ 43. Kd6 Rh4 44. Rc8 Rg4 45. c4 Rg6+ 46. Kd5 h5 47. Rh8 Rg5+ 48. Kd4 Rg4+ 49. Kc3 Rg3+ 50. Kb2 Rg2+ 51. Kb3 Rg3+ 52. Ka4 Rg4 53. Kb3 1/2-1/2

[Event "Budapest FS11 IM"]
[Site "Budapest"]
[Date "2020.11.10"]
[Round "4"]
[White "Souhardo, Basak"]
[Black "Exposito Amaro, Josue"]
[Result "1-0"]
[WhiteElo "2216"]
[BlackElo "2334"]
[PlyCount "75"]
[EventDate "2020.11.07"]
[EventType "tourn"]
[EventRounds "9"]
[EventCountry "HUN"]
[SourceTitle "CBM 199 Extra"]
[Source "ChessBase"]
[SourceDate "2021.01.31"]
[SourceVersion "1"]
[SourceVersionDate "2021.01.31"]
[SourceQuality "1"]

1. e4 c5 2. Nf3 Nc6 3. d4 cxd4 4. Nxd4 g6 5. c4 Nf6 6. Nc3 d6 7. f3 Nxd4 8. Qxd4 Bg7 9. Be3 0-0 10. Qd2 Be6 11. Rc1 Qa5 12. Be2 Rfc8 13. b3 Rab8 14. Na4 Qxd2+ 15. Kxd2 Bd7 16. Nc3 a5 17. Rc2 Bc6 18. Nd5 Bxd5 19. cxd5 Rxc2+ 20. Kxc2 Nd7 21. Bb5 Rc8+ 22. Kb1 Nc5 23. Rc1 b6 24. Rc4 Rf8 25. Kc2 f5 26. a3 fxe4 27. fxe4 Ra8 28. Bc6 Rb8 29. b4 b5 30. Bxb5 axb4 31. Rxb4 Be5 32. Bc6 Rxb4 33. axb4 Nxe4 34. h3 Kf7 35. Kd3 Nf6 36. b5 e6 37. b6 Nxd5 38. Bxd5 1-0

[Event "ESP-ch rapid"]
[Site "Linares"]
[Date "2019.08.24"]
[Round "9"]
[White "Exposito Amaro, Josue"]
[Black "Perez Perez, Gabriel"]
[Result "0-1"]
[WhiteElo "2309"]
[BlackElo "2105"]
[PlyCount "96"]
[EventDate "2019.08.24"]
[EventType "swiss (rapid)"]
[EventRounds "9"]
[EventCountry "ESP"]
[SourceTitle "EXT 2020"]
[Source "ChessBase"]
[SourceDate "2019.10.17"]
[SourceVersion "1"]
[SourceVersionDate "2019.10.17"]
[SourceQuality "1"]

1. Nc3 d5 2. e4 dxe4 3. Nxe4 e5 4. Bc4 Nc6 5. d3 Be7 6. Nf3 Nf6 7. Nfg5 0-0 8. h4 Nxe4 9. Nxe4 Na5 10. Bg5 Nxc4 11. dxc4 f6 12. Be3 Qe8 13. Qd5+ Kh8 14. c5 Qb5 15. 0-0-0 Bf5 16. Nc3 Qa6 17. g4 Bxg4 18. Rdg1 Be6 19. Qg2 Rg8 20. Kb1 Qc6 21. Qg3 Bxc5 22. Bxc5 Qxc5 23. h5 Qe7 24. Qe3 a6 25. f4 exf4 26. Qxf4 Qd6 27. Qf3 Qc6 28. Qf4 Qc4 29. Qf3 h6 30. Rg6 Qc6 31. Qf1 Bf7 32. Rg3 b5 33. Rhg1 b4 34. Ne2 Bxh5 35. Nf4 Bf7 36. Qd3 Rad8 37. Ng6+ Bxg6 38. Qxg6 Qd5 39. b3 Qd2 40. Qf7 Rd7 41. Qc4 a5 42. Rg6 Rgd8 43. Qg4 Qd4 44. Qh5 Qf4 45. R6g2 Rd5 46. Qh1 Qf3 47. Kc1 Rh5 48. Rh2 Qf4+ 0-1

[Event "ESP-ch rapid"]
[Site "Linares"]
[Date "2019.08.24"]
[Round "8"]
[White "Suarez Gomez, Julio"]
[Black "Exposito Amaro, Josue"]
[Result "1-0"]
[WhiteElo "2433"]
[BlackElo "2309"]
[PlyCount "81"]
[EventDate "2019.08.24"]
[EventType "swiss (rapid)"]
[EventRounds "9"]
[EventCountry "ESP"]
[SourceTitle "EXT 2020"]
[Source "ChessBase"]
[SourceDate "2019.10.17"]
[SourceVersion "1"]
[SourceVersionDate "2019.10.17"]
[SourceQuality "1"]

1. e4 c5 2. g3 e6 3. Bg2 d5 4. exd5 exd5 5. d4 Nf6 6. Ne2 cxd4 7. Nxd4 Be7 8. 0-0 0-0 9. Nc3 Nc6 10. h3 Qb6 11. Nce2 Re8 12. c3 Ne4 13. Qb3 Qxb3 14. axb3 Bc5 15. Be3 Nxd4 16. Bxd4 Bxd4 17. Nxd4 Bd7 18. Rfe1 Nf6 19. Rxe8+ Bxe8 20. b4 Kf8 21. g4 h6 22. Kf1 Bd7 23. Ke2 a6 24. Kd3 Rd8 25. Re1 g6 26. f4 h5 27. g5 Ne4 28. h4 f5 29. gxf6 Nxf6 30. Ne6+ Bxe6 31. Rxe6 Kf7 32. Rb6 Rd7 33. Kd4 Ke7 34. Bh3 Rc7 35. Ke5 Ne4 36. Rxg6 Kf7 37. Rb6 Re7+ 38. Be6+ Kg7 39. Kxd5 Nd2 40. f5 Nf1 41. f6+ 1-0

[Event "Ship Pullmantur op 7th"]
[Site "Mar Mediterraneo"]
[Date "2018.09.19"]
[Round "6.2"]
[White "Exposito Amaro, Josue"]
[Black "Lain Moreno, Juan Carlos"]
[Result "1-0"]
[WhiteElo "2325"]
[BlackElo "1982"]
[PlyCount "47"]
[EventDate "2018.09.15"]
[EventType "swiss"]
[EventRounds "8"]
[EventCountry "ESP"]
[SourceTitle "EXT 2024"]
[Source "ChessBase"]
[SourceDate "2023.10.10"]
[SourceVersion "1"]
[SourceVersionDate "2023.10.10"]
[SourceQuality "1"]

1. Nc3 e5 2. Nf3 Nc6 3. d4 exd4 4. Nxd4 d5 5. Bf4 a6 6. Nxc6 bxc6 7. Qd4 Be6 8. e4 Nf6 9. 0-0-0 c5 10. Qa4+ Bd7 11. Qa5 d4 12. Bxc7 Qe7 13. Nd5 Nxd5 14. exd5 Qg5+ 15. f4 Qxd5 16. Re1+ Be7 17. Re5 Qc6 18. Bd3 Rc8 19. Bb6 Kf8 20. Bxa6 Ra8 21. Rxe7 Kxe7 22. Bxc5+ Ke8 23. Re1+ Be6 24. Bb6 1-0

[Event "Barcelona Tres Peons-A 20th"]
[Site "Barcelona"]
[Date "2018.02.28"]
[Round "8.1"]
[White "Exposito Amaro, Josue"]
[Black "Munoz Pantoja, Miguel Angel"]
[Result "0-1"]
[WhiteElo "2334"]
[BlackElo "2502"]
[PlyCount "62"]
[EventDate "2018.01.10"]
[EventType "swiss"]
[EventRounds "9"]
[EventCountry "ESP"]
[SourceTitle "EXT 2024"]
[Source "ChessBase"]
[SourceDate "2023.10.10"]
[SourceVersion "1"]
[SourceVersionDate "2023.10.10"]
[SourceQuality "1"]

1. Nc3 c5 2. e4 Nc6 3. f4 g6 4. Nf3 Bg7 5. Bb5 Nd4 6. 0-0 a6 7. Bd3 Nh6 8. Nxd4 cxd4 9. Ne2 0-0 10. Qe1 f5 11. Bc4+ Kh8 12. d3 d6 13. Kh1 e5 14. Bd2 Ng4 15. h3 Ne3 16. Bxe3 dxe3 17. c3 Bd7 18. exf5 Bxf5 19. fxe5 dxe5 20. Ng3 Qg5 21. Rf3 Bh6 22. Nf1 b5 23. Bd5 Rad8 24. Nxe3 Bxd3 25. Rxf8+ Rxf8 26. Ng4 Rf1+ 27. Qxf1 Bxf1 28. Rxf1 Qd2 29. Bb3 Qe2 30. Rf6 Qe1+ 31. Kh2 Bf4+ 0-1

[Event "Barcelona Tres Peons-A 20th"]
[Site "Barcelona"]
[Date "2018.01.24"]
[Round "3.3"]
[White "Costa Trave, Jaume"]
[Black "Exposito Amaro, Josue"]
[Result "0-1"]
[WhiteElo "1952"]
[BlackElo "2334"]
[PlyCount "50"]
[EventDate "2018.01.10"]
[EventType "swiss"]
[EventRounds "9"]
[EventCountry "ESP"]
[SourceTitle "EXT 2024"]
[Source "ChessBase"]
[SourceDate "2023.10.10"]
[SourceVersion "1"]
[SourceVersionDate "2023.10.10"]
[SourceQuality "1"]

1. f4 d5 2. b3 Bg4 3. Bb2 e6 4. g3 Nc6 5. Bg2 Nf6 6. Nf3 Bxf3 7. Bxf3 Bc5 8. d4 Bd6 9. 0-0 h5 10. c4 h4 11. c5 hxg3 12. hxg3 Bxf4 13. gxf4 Ng4 14. Qe1 Ne3 15. Qf2 Nxf1 16. Kxf1 Qf6 17. e3 0-0-0 18. Nd2 g5 19. fxg5 Qxg5 20. Ke2 Rdg8 21. a3 Rh3 22. Rh1 Rg3 23. Bc1 Qf5 24. e4 dxe4 25. Nxe4 Rxf3 0-1

[Event "Barcelona Tres Peons-A 20th"]
[Site "Barcelona"]
[Date "2018.01.17"]
[Round "2.4"]
[White "Exposito Amaro, Josue"]
[Black "Vargas Drechsler, Carlos"]
[Result "1-0"]
[WhiteElo "2334"]
[BlackElo "1961"]
[PlyCount "89"]
[EventDate "2018.01.10"]
[EventType "swiss"]
[EventRounds "9"]
[EventCountry "ESP"]
[SourceTitle "EXT 2024"]
[Source "ChessBase"]
[SourceDate "2023.10.10"]
[SourceVersion "1"]
[SourceVersionDate "2023.10.10"]
[SourceQuality "1"]

1. Nc3 e5 2. Nf3 Nc6 3. d4 exd4 4. Nxd4 Bc5 5. e3 Nf6 6. Nb3 Bb6 7. a4 a6 8. Be2 d5 9. Bf3 Be6 10. a5 Ba7 11. 0-0 0-0 12. Nd4 Qd7 13. b3 Ne5 14. Bb2 c5 15. Nxe6 Nxf3+ 16. Qxf3 fxe6 17. Qh3 Rae8 18. Rfd1 Qf7 19. Ne2 Ne4 20. f3 Bb8 21. Qh4 Nd6 22. Qf2 Ne4 23. Qh4 Nd6 24. c4 Nf5 25. Qf2 Qh5 26. Ng3 Bxg3 27. hxg3 Qh6 28. cxd5 Nxe3 29. Rdc1 exd5 30. Rxc5 Ng4 31. Qd4 Re2 32. fxg4 Rxb2 33. Re1 Qd2 34. Qxd2 Rxd2 35. Rc7 Rd4 36. Rxb7 Rxg4 37. b4 d4 38. b5 d3 39. bxa6 d2 40. Rd1 Ra4 41. Rxd2 Ra1+ 42. Kh2 Rxa5 43. a7 Raf5 44. Rb8 Ra5 45. Rxf8+ 1-0

[Event "Barcelona Tupinamba op 12th"]
[Site "Barcelona"]
[Date "2017.05.17"]
[Round "8.1"]
[White "Exposito Amaro, Josue"]
[Black "Capellades Subirana, Marc"]
[Result "0-1"]
[WhiteElo "2288"]
[BlackElo "2232"]
[PlyCount "100"]
[EventDate "2017.03.22"]
[EventType "swiss"]
[EventRounds "9"]
[EventCountry "ESP"]
[SourceTitle "EXT 2024"]
[Source "ChessBase"]
[SourceDate "2023.10.10"]
[SourceVersion "1"]
[SourceVersionDate "2023.10.10"]
[SourceQuality "1"]

1. e4 e5 2. Nf3 Nc6 3. Nc3 Nf6 4. d4 Bb4 5. d5 Ne7 6. Nxe5 d6 7. Bb5+ Kf8 8. Nf3 Nxe4 9. Qd4 Nxc3 10. bxc3 Bc5 11. Qd2 Nxd5 12. Qxd5 c6 13. Qb3 cxb5 14. 0-0 Bd7 15. Bg5 Qc7 16. Rad1 Be6 17. Qb2 Bc4 18. Rfe1 f6 19. Bf4 Kf7 20. Nd4 Qd7 21. Nb3 Rhe8 22. Rxe8 Rxe8 23. Qc1 Bb6 24. Rxd6 Qg4 25. Bg3 Qe4 26. h3 Bd5 27. Qf1 Bc6 28. Nd4 Bc5 29. f3 Qg6 30. Kh2 Bxd6 31. Bxd6 Qg5 32. Qd3 Qd5 33. Bg3 g6 34. a3 Qc5 35. Qd2 Qxa3 36. Qh6 Kg8 37. h4 Qf8 38. Qf4 Qe7 39. Qh6 Bd7 40. h5 g5 41. f4 Qg7 42. fxg5 Qxg5 43. Qxg5+ fxg5 44. Nf3 Re2 45. Nxg5 Bc6 46. h6 Rxc2 47. Ne6 Rxc3 48. Bb8 Rc2 49. Bxa7 Rxg2+ 50. Kh3 Ra2 0-1

[Event "Barcelona Tupinamba op 12th"]
[Site "Barcelona"]
[Date "2017.05.10"]
[Round "7.1"]
[White "Vidarte Morales, Arturo"]
[Black "Exposito Amaro, Josue"]
[Result "0-1"]
[WhiteElo "2360"]
[BlackElo "2288"]
[PlyCount "88"]
[EventDate "2017.03.22"]
[EventType "swiss"]
[EventRounds "9"]
[EventCountry "ESP"]
[SourceTitle "EXT 2024"]
[Source "ChessBase"]
[SourceDate "2023.10.10"]
[SourceVersion "1"]
[SourceVersionDate "2023.10.10"]
[SourceQuality "1"]

1. d4 e6 2. c4 f5 3. Nf3 Nf6 4. g3 Be7 5. Bg2 0-0 6. 0-0 d6 7. Nc3 a5 8. Re1 Ne4 9. Qc2 Nxc3 10. bxc3 Nc6 11. d5 Nb8 12. dxe6 Bxe6 13. Nd4 Bxc4 14. Bxb7 Ra7 15. Bg2 g6 16. e4 c5 17. Ne2 Nd7 18. Nf4 Ne5 19. Qa4 fxe4 20. Rxe4 Bf7 21. c4 Bf6 22. Rb1 g5 23. Nd5 Bg6 24. Bb2 Bxe4 25. Bxe4 Nf3+ 26. Bxf3 Bxb2 27. Rxb2 Rxf3 28. Re2 Rf8 29. Qc2 Raf7 30. Qe4 Qd7 31. Kg2 Kg7 32. Qe3 Qg4 33. h3 Qf3+ 34. Qxf3 Rxf3 35. Nc7 Kg6 36. Nb5 Rd3 37. g4 Kf7 38. Nc7 Rb8 39. Nd5 Rb7 40. Ne3 a4 41. Kf3 a3 42. Ke4 Rd4+ 43. Kf5 Rb2 44. Re1 h6 0-1